| 000 | 00722nam a22001935i 4500 | ||
|---|---|---|---|
| 001 | 156581 | ||
| 003 | ES-MaACL | ||
| 005 | 20230906210439.0 | ||
| 008 | 040802s1886 xxk |||| | eng d | ||
| 040 |
_aCAM _bspa _cCAM |
||
| 100 | 1 |
_aKebbel, T.E. _9128436 |
|
| 245 | 1 | 2 |
_aA history of toryism from the accession of Mr. Pitt to power in 1788 to the death of Lord Beaconsfield in 1881 _b: by T.E. Kebbel. |
| 260 |
_aLondon : _bW.H. Allen & co., _c1886. |
||
| 300 |
_aVIII, 408, 44 p. ; _c22 cm. |
||
| 505 | 8 | _aLas 44 p. corresponden al catálogo de W.H. Allen & co. de Oct. 1885 | |
| 650 | 4 |
_aTorys- _xHistoria- _y1783-1881. _9136940 |
|
| 752 |
_aGran Bretaña - _dLondres |
||
| 852 |
_aES-MaACL _jG-11922 _z-- Enc. tela |
||
| 999 |
_c156581 _d156581 |
||